Ubiquitous Computing (Record no. 339474)

MARC details
000 -LEADER
fixed length control field 00484nam a2200169Ia 4500
008 - FIXED-LENGTH DATA ELEMENTS--GENERAL INFORMATION
fixed length control field 230718s9999 xx 000 0 und d
020 ## - INTERNATIONAL STANDARD BOOK NUMBER
International Standard Book Number 9788126527335
041 ## - LANGUAGE CODE
Language code of text/sound track or separate title eng
082 ## - DEWEY DECIMAL CLASSIFICATION NUMBER
Classification number 004
Item number POS
100 ## - MAIN ENTRY--PERSONAL NAME
Personal name Poslad S.
245 ## - TITLE STATEMENT
Title Ubiquitous Computing
Remainder of title Smart Devices, Environments And Interactions
260 ## - PUBLICATION, DISTRIBUTION, ETC. (IMPRINT)
Date of publication, distribution, etc. 2014
Name of publisher, distributor, etc. Wiley
300 ## - PHYSICAL DESCRIPTION
Extent 473
Accompanying material [OBSOLETE, CAN/MARC] Ref 1554 C (50656)
365 ## - TRADE PRICE
Currency code Rs.
Price amount 729.00
700 ## - ADDED ENTRY--PERSONAL NAME
Personal name Poslad S.
906 ## - LOCAL DATA ELEMENT F, LDF (RLIN)
d O:0450525-Jun-2015B:179209-Jun-2015
c COMP
b 5919.48
Holdings
Withdrawn status Lost status Damaged status Not for loan Home library Current library Date acquired Vendor Budget Code Cost, normal purchase price Bill number Total Checkouts Full call number Barcode Date last seen Discount Cost, replacement price Bill Date Koha item type Original Barcode
        Cummins College of Engineering for Women Pune Cummins College of Engineering for Women Pune 25/06/2015 Vaibhav Book House COMP 524.88 1792   004 CCEP-BK-50681 18/07/2023 5919.48 729.00 09/06/2015 Books 050681